Library Banner
Normal view MARC view

Entry Topical Term

Number of records used in: 1

001 - CONTROL NUMBER

  • control field: 11329

003 - CONTROL NUMBER IDENTIFIER

  • control field: PK-LaUMT

005 - DATE AND TIME OF LATEST TRANSACTION

  • control field: 20260427122748.0

008 - FIXED-LENGTH DATA ELEMENTS

  • fixed length control field: 260427|| aca||aabn | a|a d

040 ## - CATALOGING SOURCE

  • Original cataloging agency: PK-LaUMT
  • Transcribing agency: PK-LaUMT

150 ## - HEADING--TOPICAL TERM

  • Topical term or geographic name as entry element: Landscape design-Data processing

670 ## - SOURCE DATA FOUND

  • Source citation: Work cat.: (PK-LaUMT)140637: Harmon, Brendan 11326, Computational design :, 2024